Welcome to WEB OPAC of MRSPTU Central Library

Thyristor engineering( power electronics ) (Record no. 4444)

MARC details
000 -LEADER
fixed length control field 00373nam a2200145Ia 4500
008 - FIXED-LENGTH DATA ELEMENTS--GENERAL INFORMATION
fixed length control field 230711s9999||||xx |||||||||||||| ||und||
041 ## - LANGUAGE CODE
Language code of text/sound track or separate title ENG
082 ## - DEWEY DECIMAL CLASSIFICATION NUMBER
Classification number 621.317
Item number BE-T
100 ## - MAIN ENTRY--PERSONAL NAME
Personal name Berde,MS
245 #0 - TITLE STATEMENT
Title Thyristor engineering( power electronics )
250 ## - EDITION STATEMENT
Edition statement 9th Ed.
260 ## - PUBLICATION, DISTRIBUTION, ETC.
Date of publication, distribution, etc. 2001
Place of publication, distribution, etc. New Delhi
Name of publisher, distributor, etc. Khanna Publishers
650 ## - SUBJECT ADDED ENTRY--TOPICAL TERM
Topical term or geographic name entry element Electrical Engineering
942 ## - ADDED ENTRY ELEMENTS (KOHA)
Koha item type Book
Holdings
Withdrawn status Lost status Damaged status Not for loan Collection Home library Current library Date acquired Total checkouts Full call number Barcode Date last seen Price effective from Koha item type
          MRSPTU Central Library MRSPTU Central Library     621.317 BE-T 15177 08/17/2023 08/17/2023 Book
          MRSPTU Central Library MRSPTU Central Library     621 BE-T 6352 08/17/2023 08/17/2023 Book
          MRSPTU Central Library MRSPTU Central Library     621 BE-T 6353 08/17/2023 08/17/2023 Book
          MRSPTU Central Library MRSPTU Central Library     621 BE-T 11133 08/17/2023 08/17/2023 Book
          MRSPTU Central Library MRSPTU Central Library     621.317 BE-T 15178 08/17/2023 08/17/2023 Book
          MRSPTU Central Library MRSPTU Central Library     621.317 BE-T 15179 08/17/2023 08/17/2023 Book

Website Designed and Developed by MRSPTU Central Library Team

E-mail Id: librarian@mrsptu.ac.in